Constitutional law of Bangladesh / (Record no. 1315)
[ view plain ]
| 000 -LEADER | |
|---|---|
| fixed length control field | 00724nam a2200229 a 4500 |
| 001 - CONTROL NUMBER | |
| control field | 11626 |
| 003 - CONTROL NUMBER IDENTIFIER | |
| control field | BD-DhUAP |
| 005 - DATE AND TIME OF LATEST TRANSACTION | |
| control field | 20200205130311.0 |
| 008 - FIXED-LENGTH DATA ELEMENTS--GENERAL INFORMATION | |
| fixed length control field | 200204r20081995 b 1 00eng eng d |
| 020 ## - INTERNATIONAL STANDARD BOOK NUMBER | |
| International Standard Book Number | 984320101264 |
| 040 ## - CATALOGING SOURCE | |
| Original cataloging agency | BD-DhUAP |
| Transcribing agency | BD-DhUAP |
| Language of cataloging | Eng |
| Modifying agency | BD-DhUAP |
| 082 00 - DEWEY DECIMAL CLASSIFICATION NUMBER | |
| Edition number | 23 |
| Classification number | 342.5492 ISL |
| 100 1# - MAIN ENTRY--PERSONAL NAME | |
| Personal name | Islam, Mahmudul. |
| 9 (RLIN) | 12077 |
| 245 10 - TITLE STATEMENT | |
| Title | Constitutional law of Bangladesh / |
| Statement of responsibility, etc. | Mahmudul Islam. |
| 250 ## - EDITION STATEMENT | |
| Edition statement | 2nd ed. |
| 260 ## - PUBLICATION, DISTRIBUTION, ETC. | |
| Place of publication, distribution, etc. | Dhaka : |
| Name of publisher, distributor, etc. | Mullick Brothers, |
| Date of publication, distribution, etc. | c1995 [Reprinted 2008]. |
| 300 ## - PHYSICAL DESCRIPTION | |
| Extent | c, 848 pages ; |
| Dimensions | 22 cm. |
| 504 ## - BIBLIOGRAPHY, ETC. NOTE | |
| Bibliography, etc. note | Includes bibliographical references and index. |
| 650 #0 - SUBJECT ADDED ENTRY--TOPICAL TERM | |
| Topical term or geographic name entry element | Constitutional law |
| Geographic subdivision | Bangladesh. |
| 9 (RLIN) | 6989 |
| 942 ## - ADDED ENTRY ELEMENTS (KOHA) | |
| Source of classification or shelving scheme | |
| Koha item type | Book |
| Koha issues (borrowed), all copies | 4 |
| Withdrawn status | Lost status | Source of classification or shelving scheme | Damaged status | Not for loan | Permanent Location | Current Location | Shelving location | Date acquired | Total Checkouts | Total Renewals | Full call number | Barcode | Date due | Date last seen | Date last checked out | Copy number | Price effective from | Koha item type |
|---|---|---|---|---|---|---|---|---|---|---|---|---|---|---|---|---|---|---|
| UAP Central Library | UAP Central Library | General Stacks | 2020-02-05 | 3 | 5 | 342.5492 ISL | 3010011626 | 2025-09-04 | 2025-07-24 | 2025-07-24 | 1 | 2020-02-05 | Book | |||||
| UAP Central Library | UAP Central Library | General Stacks | 2020-02-05 | 2 | 2 | 342.5492 ISL | 3010010597 | 2025-04-21 | 2025-04-20 | 2 | 2020-02-05 | Book | ||||||
| UAP Central Library | UAP Central Library | General Stacks | 2020-02-05 | 4 | 4 | 342.5492 ISL | 3010011628 | 2025-08-06 | 2025-07-17 | 3 | 2020-02-05 | Book | ||||||
| UAP Central Library | UAP Central Library | General Stacks | 2020-02-05 | 4 | 3 | 342.5492 ISL | 3010011625 | 2025-08-11 | 2025-07-16 | 4 | 2020-02-05 | Book | ||||||
| UAP Central Library | UAP Central Library | General Stacks | 2020-02-05 | 9 | 5 | 342.5492 ISL | 3010010598 | 2025-11-18 | 2025-10-20 | 5 | 2020-02-05 | Book | ||||||
| UAP Central Library | UAP Central Library | General Stacks | 2020-02-05 | 2 | 1 | 342.5492 ISL | 3010009307 | 2025-02-24 | 2025-01-30 | 6 | 2020-02-05 | Book | ||||||
| UAP Central Library | UAP Central Library | General Stacks | 2020-02-05 | 4 | 4 | 342.5492 ISL | 3010010595 | 2026-05-17 | 2026-05-10 | 7 | 2020-02-05 | Book | ||||||
| UAP Central Library | UAP Central Library | General Stacks | 2020-02-05 | 3 | 342.5492 ISL | 3010011627 | 2026-05-18 | 2026-05-04 | 8 | 2020-02-05 | Book | |||||||
| UAP Central Library | UAP Central Library | General Stacks | 2020-02-05 | 8 | 5 | 342.5492 ISL | 3010009308 | 2025-08-11 | 2025-07-21 | 9 | 2020-02-05 | Book | ||||||
| UAP Central Library | UAP Central Library | Reserve Stacks | 2020-02-05 | 8 | 6 | 342.5492 ISL | 3010010599 | 2025-09-28 | 2025-08-17 | 2025-08-17 | 10 | 2020-02-05 | Book | |||||
| UAP Central Library | UAP Central Library | General Stacks | 2021-01-31 | 13 | 342.5492 ISL | 3010010596 | 2025-10-12 | 2025-07-24 | 11 | 2021-01-31 | Book |
Bengali Keyboard